Formule 1 - Quiz pilote : Daniel Ricciardo - Statistiques

Statistiques générales
  • Ce quiz a été pris 138 fois
    132 depuis la dernière actualisation
  • Le résultat moyen est 19 sur 30
Statistiques - réponses
Hint Réponse % Correct
Informations de base Dernière année en Formule 1 2024
96%
Écuries pour lesquelles il a conduit 2014-2018 Red Bull
96%
Écuries pour lesquelles il a conduit 2021-2022 McLaren
95%
Informations de base Arrivée en Formule 1 (année) 2011
94%
Championnat du monde Nombres de titre pilote 0
93%
Championnat du monde Nombres de titre constructeur 0
93%
Informations de base Nationalité (sportive) Australie
93%
Écuries pour lesquelles il a conduit 2019-2020 Renault
92%
Informations de base Numéro de pilote 3
91%
Coéquipiers 2016 - 2018 Max Verstappen
91%
Écuries pour lesquelles il a conduit 2023 AlphaTauri / Racing Bulls
90%
Coéquipiers 2021 Lando Norris
90%
Coéquipiers 2022 - 2024 Yuki Tsunoda
85%
Coéquipiers 2019 Nico Hulkenberg
79%
Victoire Nombre de victoire totale 8
77%
Écuries pour lesquelles il a conduit 2012-2013 Toro Rosso
70%
Coéquipiers 2020 Esteban Ocon
67%
Coéquipiers 2014 Sebastian Vettel
66%
Coéquipiers 2015 - 2016 Daniil Kvyat
57%
Informations de base Surnom Honey Badger / Danny Ric / Ricky Bobby
46%
Autres Is it real sweat? It’s real sweat, I’m a high performance athlete, athletes sweat, sweat baby ki ki ki rrrrra sweat sweat ouh ouh
39%
Autres Manière de boire de l'alc00l, sur les podiums, popularisée par Daniel Shoey
34%
Coéquipiers 2012 - 2013 Jean-Éric Vergne
30%
Écuries pour lesquelles il a conduit 2011 HRT
24%
Victoire 1ère victoire Grand Prix du Canada 2014
20%
Informations de base Date de naissance 1ᵉʳ juillet 1989
19%
Informations de base Nom complet Daniel Joseph Ricciardo
18%
Coéquipiers 2011 Narain Karthikeyan
14%
Coéquipiers 2011 Vitantonio Liuzzi
9%
Autres Sa chanson préférée de Taylor Swift Our Song
7%
Aucun quiz correspondant
Distribution des résultats
% des personnes avec chaque résultat
Percentile par nombre de réponses
Votre historique - résultats
Vous n’avez pas pris ce quiz depuis la dernière actualisation